000
00306nam a2200121Ia 4500
008
190216s9999||||xx |||||||||||||| ||und||
100
_a
Laud B B
245
0
_a
Fundamentals Of Statistical Mechanics
260
_b
New Age International Publishers
_c
1998
300
_a
259p
650
_a
Physics
942
_c
BK
999
_c
34413
_d
34413